000 00882nam a22003017a 4500
003 CHAP
005 20220408112933.0
008 971013s1982 r 00010 d
010 _a10768
011 _a11740
035 _a11015
040 _cCHAP
082 _a581.1
_bR66
100 0 0 _aRovalo Merino, Magdalena.
_9100339
245 _aFisiología vegetal experimental, prácticas de laboratorio
260 _aMéxico :
_bLIMUSA,
_c1982
300 _a269 p
590 _aBATCH-UPD
_b10
_c20130110
590 _aBATCH-UPD
_b10
_c20130410
590 _aBATCH-UPD
_b10
_c20130914
590 _aCONVERSION
_b10
_c20130109
650 1 4 _aBotánica
_xManuales de laboratorio.
_914584
650 1 4 _aFisiología vegetal.
_941136
700 0 _aRojas Garcidueñas, Manuel.
_999305
901 _aBK
942 _cLIBRO
_2ddc
949 _bBC
_cLIBRO
_d33724000520839
_eLIBRO
_fc.3
_i11015
_si
999 _c10768
_d10768